Normal view
MARC view
- Zavala Guirado, Martha Alejandrina
Entry Nombre Personal
001 - NUMERO DE CONTROL
- campo de control: 59430
003 - IDENTIFICADOR DE NUMERO DE CONTROL
- campo de control: UPN
005 - FECHA Y HORA DE LA ÜLTIMA TRANSACCIÓN
- campo de control: 20260429100417.0
008 - DATOS DE LONGITUD FIJA
- campo de control de longitud fija: 260429|| acz||aabn | a|a d
024 ## - OTROS IDENTIFICADORES NORMALIZADOS
- Fuente: orcid
- Número normalizado o código: https://orcid.org/0000-0001-9177-0411
040 ## - FUENTE DE CATALOGACIÓN
- Agencia original de catalogación: MX-MxUPN
100 1# - ENCABEZAMIENTO - NOMBRE PERSONAL
- Nombre personal: Zavala Guirado, Martha Alejandrina
370 ## - LUGAR ASOCIADO
- Place of birth: Hermosillo, Sonora, México
371 ## - DIRECCIÓN
- Electronic mail address: martha.zavala@itson.edu.mx
372 ## - CAMPO DE ACTIVIDAD
- Field of activity: Educación, evaluación, investigación y docencia
- Field of activity: Docencia e investigación
373 ## - GRUPO ASOCIADO
- Associated group: Instituto Tecnológico de Sonora
374 ## - OCUPACIÓN
- Occupation: Doctora en Ciencias Sociales
- Occupation: Profesora e investigadora universitaria
670 ## - FUENTE EN LA QUE SE LOCALIZARON DATOS
- Cita de la fuente: En recurso en línea: Innovación educativa (México), Vol. 26 no. 100, (2026):
- Información localizada: página 10 (Martha Alejandrina Zavala Guirado)
- Uniform Resource Identifier: https://www.ipn.mx/assets/files/innovacion/docs/Docencia-politecnica/Docencia-politecnica-26/validación-de-una-escala-de-alfabetización-(-p10-28)1-(1).pdf
902 ## - CATALOGADOR
- Catalogador: RGJD/290426
